Score 0/26 Timer 03:00
1 Play Today
Movie Word % Correct
The _____ of Anne FrankDiary
96.5%
Schindler's ____List
96.2%
Born on the Fourth of ____July
95.5%
Boys Don't ___Cry
91.8%
The Passion of ____ of ArcJoan
91.7%
Walk the ____Line
89.9%
Raging ____Bull
88.7%
________ of ArabiaLawrence
86.3%
______ Doodle DandyYankee
86.1%
_____ RwandaHotel
83.7%
____ Miner's DaughterCoal
82.8%
My ____ FootLeft
82.7%
______ 13Apollo
81.4%
Movie Word % Correct
The Blind ____Side
78.4%
The ______ ConnectionFrench
77.4%
The People vs. _____ FlyntLarry
72.4%
127 _____Hours
68.7%
All the _________'s MenPresident
65.8%
Erin __________Brockovich
65.2%
Ed ____Wood
56.9%
Into the ____Wild
52.3%
My Week with _______Marilyn
49.5%
The ________ ManElephant
31.4%
______ 93United
27.2%
24 Hour ____ PeopleParty
21%
_____ Mr. LincolnYoung
14.7%

Today's Daily Dose

Remove Ads.
Support Sporcle.
Get the best of Sporcle when you Go Orange. This ad-free experience offers more features, more stats, and more fun while also helping to support Sporcle. Thank you for becoming a member.

You're not logged in!

Compare scores with friends on all Sporcle quizzes.
OR
Log In

Show Comments

Extras

Top Quizzes Today


Score Distribution

Your Account Isn't Verified!

In order to create a playlist on Sporcle, you need to verify the email address you used during registration. Go to your Sporcle Settings to finish the process.

Report this User

Report this user for behavior that violates our Community Guidelines.

Details: